[Event "BL 2018-19"]
[Site "Berlin"]
[Date "2019.03.03"]
[Round "11.9"]
[White "Salgado Lopez, Ivan"]
[Black "McShane, Luke J"]
[Result "0-1"]
[WhiteElo "2624"]
[BlackElo "2667"]
[Annotator "TA"]
[PlyCount "134"]
[EventDate "2018.11.10"]
[EventType "team-tourn"]
[EventCountry "GER"]
[SourceTitle "playchess.com"]
[Source "ChessBase"]
[SourceQuality "1"]
[WhiteTeam "Kiel"]
[BlackTeam "Werder Bremen"]

{[%evp 21,134,6,8,0,-22,-21,0,-14,0,-45,-45,-39,21,0,0,0,0,0,0,-61,-6,-32,-33,-16,-26,-16,-16,-18,-19,-51,0,-26,-18,-21,-27,-55,-33,-35,-41,-32,-22,-47,0,-37,-43,-34,-30,-131,-114,-156,-156,-166,-174,-171,-103,-107,-85,-139,-134,-112,-106,-99,-100,-179,-183,-195,-107,-262,-255,-377,-377,-369,-368,-357,-355,-519,-515,-399,-435,-627,-510,-469,-452,-29972,-29973,-29962,-29965,-29960,-29965,-29965,-29967,-29967,-29968,-29968,-29969,-29968,-29969,-29965,-29966,-29972,-29974,-29975,-29976,-29976,-29977,-29977,-29978,-29978,-29979,-29979,-29980,-29980,-29981,-29980,-29979]} 1. d4 Nf6 2. c4 g6 3. Nc3 d5 4. Nf3 Bg7 5. Qb3 dxc4 6. Qxc4 O-O 7. e4 a6 8. e5 b5 9. Qb3 Nfd7 10. e6 fxe6 11. Be3 Nf6 12. g3 {D97: Grünfeld: Russian System: 7 e4, replies other than 7...Bg4} (12. a4 b4 13. Qxb4 Nc6 14. Qa3 Qd6 15. Be2 Nb4 16. Rc1 Bb7 17. h3 Bxf3 18. gxf3 Nbd5 19. a5 Rfb8 20. Bd2 Qxa3 21. bxa3 Nxc3 22. Rxc3 {½-½ (22) Moiseenko,A (2699)-Gelfand,B (2764) Tromsoe 2013}) 12... Nc6 $146 ({Predecessor:} 12... Bb7 13. Qxe6+ Kh8 14. Bg2 Qd6 15. Qh3 Nbd7 16. O-O b4 17. Ne2 e5 18. dxe5 Nxe5 19. Nxe5 Bxg2 20. Nxg6+ {1-0 (27) Indjic,A (2569)-Drori,S (2368) Budapest 2017}) 13. Bg2 Rb8 14. Rd1 {The position is equal.} Nd5 15. O-O Na5 16. Qc2 Nc4 (16... Nxe3 $15 17. fxe3 Nc4) 17. Bc1 Nxc3 18. Qxc3 Bb7 19. b3 Nd6 $36 {[%mdl 2048] Black has good play.} 20. Rfe1 (20. Bf4 $11) 20... Nf5 (20... Bxf3 $1 $15 21. Bxf3 Nf5) 21. Bf4 Bxf3 22. Qxf3 Nxd4 23. Qe4 {[#] And now Be5 would win.} Rxf4 $1 24. gxf4 (24. Qxf4 Ne2+) 24... Qd6 25. Bh3 {[%cal Rh3e6]} Kf7 (25... Rf8 $15) 26. Kh1 Rb6 $1 27. Rd3 c5 28. Red1 a5 29. Bg2 Rb8 30. h4 Bh6 31. Bh3 Rd8 32. Re1 (32. h5 $5) 32... Bxf4 {aiming for ...e5.} 33. Bxe6+ Kg7 34. Bh3 (34. Kg2 $11) 34... e5 35. Bg2 c4 $1 {[%cal Rc4d3]} 36. bxc4 bxc4 37. Rh3 {[#]} c3 $1 {[%mdl 512]} 38. Rxc3 $17 Bd2 {[%mdl 64] Double Attack} 39. Rh3 ({Better is} 39. Rce3 Bxe3 40. Rxe3) 39... Bxe1 40. Qxe1 a4 41. h5 Ne6 42. h6+ {[#]} (42. Re3 $17) 42... Kf6 $1 $19 43. Qa5 Nf4 (43... Qd4 $19 44. Rf3+ Kg5) 44. Rc3 $2 (44. Re3 $17) 44... Kg5 45. Qxa4 (45. Bf1 {was worth a try.}) 45... Qd1+ 46. Qxd1 Rxd1+ {[%mdl 4096] Endgame KRB-KRN} 47. Kh2 Rd2 ({Less strong is} 47... Kxh6 48. Rc5 $17) 48. Bf1 (48. Rg3+ $142 Kxh6 49. Rf3) 48... Rxf2+ {[%mdl 64] Double Attack} 49. Kg1 Rxa2 50. Rc5 (50. Re3 $142 Ra5 51. Bh3) 50... Ne2+ 51. Kh2 Kh4 {White must now prevent ...Nd4+.} 52. Rxe5 {[#]} (52. Bxe2 $19 Rxe2+ 53. Kg1) 52... Nd4+ $1 {Black mates.} 53. Kh1 {[#]} Rh2+ $1 {[%mdl 576] Decoy} 54. Kxh2 Nf3+ {[%mdl 64] Double Attack} 55. Kg2 Nxe5 {KB-KN} 56. Bb5 Kg5 57. Kg3 Nf7 58. Bc4 Nxh6 59. Kf3 Nf5 60. Bg8 h5 61. Bf7 Kf6 62. Be8 Nd6 63. Bd7 Ke5 64. Kg3 Nf5+ 65. Kh2 g5 66. Be8 Ng7 67. Bf7 g4 {Accuracy: White = 28%, Black = 65%.} 0-1

[Event "BL 2018-19"]
[Site "Berlin"]
[Date "2019.03.03"]
[Round "11.10"]
[White "Kamsky, Gata"]
[Black "Vitiugov, Nikita"]
[Result "1/2-1/2"]
[WhiteElo "2666"]
[BlackElo "2719"]
[Annotator "TA"]
[PlyCount "52"]
[EventDate "2018.11.10"]
[EventType "team-tourn"]
[EventCountry "GER"]
[SourceTitle "playchess.com"]
[Source "ChessBase"]
[SourceQuality "1"]
[WhiteTeam "SF Deizisau"]
[BlackTeam "Hockenheim"]

{[%evp 11,52,23,8,11,22,16,26,27,49,10,22,10,14,5,4,-16,-13,-23,-12,-21,-23,-30,-4,-4,9,0,0,-22,13,10,16,0,0,0,0,0,0,-13,0,-2,0,-12,0]} 1. e4 c6 2. d4 d5 3. exd5 cxd5 4. Bd3 Nc6 5. c3 Qc7 6. Ne2 Bg4 7. O-O {B13: Caro-Kann: Exchange Variation and Panov-Botvinnik Attack} Nf6 8. Qe1 Qc8 $146 ({Predecessor:} 8... Bxe2 9. Qxe2 g6 10. f4 Bh6 11. Nd2 O-O 12. Qf2 e6 13. Qh4 Bg7 14. Nf3 Ne7 {1-0 (49) Piorun,K (2651)-Rodshtein,M (2699) Katowice 2017}) 9. Ng3 {White has an edge.} h5 10. f3 Bd7 11. Bf4 h4 12. Ne2 Bf5 13. Bxf5 Qxf5 14. h3 e6 15. Nd2 Be7 16. Bh2 Nd7 17. a4 {The position is equal.} a5 18. Kh1 Qc2 19. b3 Nb6 20. f4 {Black should prevent f5!} Rh5 21. Rf3 Qh7 22. Nc1 Nc8 23. Nd3 Nd6 24. Re3 Nf5 25. Rf3 Nd6 26. Re3 Nf5 {Accuracy: White = 53%, Black = 60%.} 1/2-1/2

[Event "BL 2018-19"]
[Site "Berlin"]
[Date "2019.03.03"]
[Round "11.10"]
[White "Efimenko, Zahar"]
[Black "Khenkin, Igor"]
[Result "1/2-1/2"]
[WhiteElo "2635"]
[BlackElo "2546"]
[Annotator "TA"]
[PlyCount "85"]
[EventDate "2018.11.10"]
[EventType "team-tourn"]
[EventCountry "GER"]
[SourceTitle "playchess.com"]
[Source "ChessBase"]
[SourceQuality "1"]
[WhiteTeam "Werder Bremen"]
[BlackTeam "Kiel"]

{[%evp 9,85,-2,-9,-27,28,-25,-25,-12,-12,-81,-70,-83,10,0,0,0,39,50,50,46,52,38,41,32,128,131,124,75,73,66,88,70,71,23,23,23,27,17,14,25,23,8,22,22,45,12,45,28,35,29,32,22,30,37,29,10,6,9,14,0,0,0,7,8,7,8,8,0,0,0,0,0,0,0,0,0,0,0]} 1. e4 c6 2. d4 d5 3. e5 c5 4. Ne2 Nc6 5. c3 e6 6. Nd2 {B12: Caro-Kann: Advance Variation} Qb6 (6... cxd4 $142 7. cxd4 f6) (6... Nh6 7. Nf3 Nf5 8. Ng3 cxd4 9. Nxf5 exf5 10. cxd4 Qb6 11. Be2 h6 12. a3 g5 13. h3 {½-½ (43) Yu,Y (2764)-Ghaem Maghami,E (2537) St Petersburg 2018}) 7. Nf3 (7. Nb3 $142) 7... f6 $11 8. Nf4 $146 {Black has an edge.} ({Predecessor:} 8. a3 cxd4 9. Nexd4 fxe5 10. Nxc6 bxc6 11. Nxe5 {½-½ (19) Ader Hausman,W-Luckis,M Mar del Plata 1952}) 8... cxd4 9. cxd4 (9. Nxd4 $11 {keeps the balance.} Nxd4 10. cxd4 (10. Qxd4 Bc5 $15)) 9... Bb4+ $17 ({Much weaker is} 9... fxe5 10. dxe5 Bb4+ 11. Bd2 $11) 10. Bd2 Nge7 (10... Bxd2+ $17 11. Qxd2 g5) 11. a3 $36 {[%mdl 2048] White is pushing.} Bxd2+ 12. Qxd2 Nf5 {[%cal Rc6d4]} 13. exf6 gxf6 {[%cal Rf5d4]} 14. Rd1 Bd7 15. b4 O-O-O 16. Be2 Ncxd4 (16... Nce7 $14) 17. Nxd4 $16 Nxd4 18. Nxd5 exd5 19. Qxd4 Rhe8 {[#] aiming for ...Bb5.} 20. Qxb6 axb6 21. Kd2 Kc7 22. Bd3 h6 23. Rhe1 Kd6 24. Rxe8 Rxe8 $11 {[%mdl 4096] Endgame KRB-KRB} 25. Kc3 Ra8 26. Kb2 Rg8 27. g3 Re8 (27... Bg4 $5 {[%cal Rg4d1]} 28. f3 Bh5 $14) 28. Kc3 Bg4 29. Ra1 Be2 30. Bg6 Rc8+ 31. Kd2 Bb5 32. a4 Bd7 {The position is equal.} 33. Bd3 Ke5 34. a5 bxa5 35. bxa5 Rc5 36. a6 bxa6 37. Rxa6 Rc6 38. Ra7 Bf5 39. Re7+ Kd6 {[#] Hoping for ...Bxd3.} 40. Rg7 Ke6 41. Bxf5+ Kxf5 42. Rh7 Kg6 43. Rd7 {Accuracy: White = 54%, Black = 51%.} 1/2-1/2

[Event "BL 2018-19"]
[Site "Berlin"]
[Date "2019.03.03"]
[Round "11.11"]
[White "Cheparinov, Ivan"]
[Black "Bluebaum, Matthias"]
[Result "1-0"]
[WhiteElo "2709"]
[BlackElo "2620"]
[Annotator "TA"]
[PlyCount "95"]
[EventDate "2018.11.10"]
[EventType "team-tourn"]
[EventCountry "GER"]
[SourceTitle "playchess.com"]
[Source "ChessBase"]
[SourceQuality "1"]
[WhiteTeam "Hockenheim"]
[BlackTeam "SF Deizisau"]

{[%evp 15,95,8,10,0,24,13,20,0,0,0,0,0,0,0,11,0,15,0,0,0,10,9,52,54,63,63,71,77,51,50,58,40,64,66,79,55,47,18,16,13,16,3,28,25,16,14,31,11,55,52,60,46,93,87,123,123,122,0,70,70,71,72,71,0,86,92,355,351,740,710,1829,1809,1810,1591,29979,29979,29979,5293,2518,1175,1076,999]} 1. e4 e6 2. d4 d5 3. Nc3 Nf6 4. e5 Nfd7 5. f4 c5 6. Nf3 Nc6 7. Be3 Be7 8. Qd2 a6 9. Bd3 {C11: French: Classical System: 4 e5 and 4 Bg5 dxe4} b5 10. a3 (10. O-O b4 11. Nd1 a5 12. Qf2 c4 13. Be2 a4 14. g4 Nb6 15. Qg2 Ba6 16. f5 Qd7 {0-1 (49) Gledura,B (2621)-Nyzhnyk,I (2626) Saint Louis 2018}) 10... O-O 11. O-O {The position is equal.} f5 $146 ({Predecessor:} 11... Qc7 12. Qf2 cxd4 13. Nxd4 Nxd4 14. Bxd4 Bc5 15. Bxc5 Qxc5 16. Qxc5 Nxc5 {1-0 (38) Klaren,D (1773)-Binnendijk,D (1945) Hilversum 2018}) 12. exf6 Nxf6 13. Kh1 c4 14. Be2 b4 15. axb4 Bxb4 16. Qc1 Bxc3 17. bxc3 Ne4 18. Qe1 Bd7 19. Bc1 Qc7 {[#]} 20. Bxc4 $1 {[%mdl 512] Black must now prevent Bd3.} Nxd4 (20... dxc4 21. Qxe4) 21. cxd4 Qxc4 22. Ne5 $1 {[%csl LRc4,LRd7][%cal Re5c4][%mdl 64] Double Attack} Qc7 {[#]} 23. c4 $1 {[%mdl 512]} a5 (23... dxc4 24. Qxe4) 24. Ba3 Rfb8 25. Qh4 {Threatens to win with Qe7.} (25. Rc1 $5 {[%cal Rc4d5]} Qa7 26. c5 $16) 25... Re8 26. cxd5 exd5 27. Rfc1 Qa7 28. Bc5 Nxc5 29. dxc5 Bf5 30. h3 $36 {[%mdl 2048] White has some pressure.} Be4 31. Qg4 Rac8 32. c6 Qe3 33. Re1 Qf2 34. Re2 Qc5 35. Rea2 Ra8 36. Qd7 ({White should play} 36. Rb2 $16) 36... h6 (36... Qf8 $1 $11) 37. Kh2 $14 Kh7 {[#]} 38. Qg4 $1 Re7 39. Ra3 ({White should try} 39. Ra4 $16 {Rxe4! is the strong threat.} Qc3 40. R1a3) 39... d4 (39... g5 $11) 40. Ra4 $16 {And now Rc4 would win.} Kg8 $2 {[%mdl 8192]} (40... Rxe5 $16 41. fxe5 Qxe5+ 42. Qg3 Qxg3+ 43. Kxg3 Bxc6) 41. Rc4 $18 Qa7 $2 (41... Qd6 42. Rd1 Qf6 43. Rdxd4 (43. c7 Bf5 $18) 43... Bf5) 42. Rac1 Ree8 43. c7 Rac8 44. f5 {White wants to mate with f6.} Rxe5 45. f6 $1 {[%csl Gf6][%cal Rg4g7]} Rg5 46. Qxc8+ Kh7 {[#]} 47. Qg4 $1 {[%mdl 512]} Rxg4 48. hxg4 {Accuracy: White = 65%, Black = 29%.} 1-0

[Event "BL 2018-19"]
[Site "Berlin"]
[Date "2019.03.03"]
[Round "11.11"]
[White "Glud, Jakob Vang"]
[Black "Edouard, Romain"]
[Result "1/2-1/2"]
[WhiteElo "2548"]
[BlackElo "2636"]
[Annotator "TA"]
[PlyCount "44"]
[EventDate "2018.11.10"]
[EventType "team-tourn"]
[EventCountry "GER"]
[SourceTitle "playchess.com"]
[Source "ChessBase"]
[SourceQuality "1"]
[WhiteTeam "Kiel"]
[BlackTeam "Werder Bremen"]

{[%evp 16,44,6,16,14,14,7,-48,-5,0,11,11,11,10,10,10,11,11,11,10,10,6,6,5,2,0,0,0,0,0,2]} 1. c4 c5 2. g3 g6 3. Bg2 Bg7 4. Nc3 Nc6 5. Nf3 d6 6. O-O e6 7. a3 Nge7 8. b4 O-O 9. Rb1 b6 {A36: Symmetrical English vs ...g6: 4 Bg2 Bg7} 10. e3 d5 (10... Bb7 11. d4 cxd4 12. exd4 Nf5 13. Ne2 Rc8 14. Bb2 d5 15. c5 Ba6 16. Re1 bxc5 17. dxc5 d4 18. Qa4 Bxe2 19. Rxe2 {0-1 (41) Maghsoodloo,P (2688)-Mamedov,R (2703) St Petersburg 2018}) 11. d4 ({Better is} 11. bxc5 $11 bxc5 12. Na4) 11... cxd4 {Black is slightly better.} (11... dxc4 {is interesting.} 12. bxc5 bxc5 13. Ne5 Bd7 14. Rb7 Be8) 12. Nxd4 {The position is equal.} Bb7 $146 (12... Nxd4 {with more complications.} 13. exd4 Qc7 14. Bg5 Ba6 15. b5 Bb7) ({Predecessor:} 12... Nxd4 13. exd4 Bb7 14. Bb2 Nf5 15. Ne2 Qd7 16. c5 Ba6 17. Re1 {1-0 (45) Guseinov,E (2417)-Donchenko,A (2434) Moscow 2006}) 13. Nxc6 $1 Bxc6 14. cxd5 Nxd5 15. Nxd5 Bxd5 16. Bxd5 Qxd5 17. Qxd5 exd5 18. Rd1 Rfd8 19. Bb2 Rac8 20. Rd3 Rc2 21. Bxg7 Kxg7 22. Rbd1 Ra2 1/2-1/2

[Event "BL 2018-19"]
[Site "Berlin"]
[Date "2019.03.03"]
[Round "11.12"]
[White "Meier, Georg"]
[Black "Fedoseev, Vladimir"]
[Result "1-0"]
[WhiteElo "2622"]
[BlackElo "2714"]
[Annotator "TA"]
[PlyCount "159"]
[EventDate "2018.11.10"]
[EventType "team-tourn"]
[EventCountry "GER"]
[SourceTitle "playchess.com"]
[Source "ChessBase"]
[SourceQuality "1"]
[WhiteTeam "SF Deizisau"]
[BlackTeam "Hockenheim"]

{[%evp 12,159,20,10,17,23,34,36,26,39,37,22,27,0,21,22,12,0,0,0,0,0,37,33,52,39,36,41,155,120,190,183,184,184,186,186,188,199,199,195,187,187,187,210,202,187,324,333,342,344,343,339,331,339,349,348,343,337,351,325,314,264,326,264,392,264,409,400,441,0,231,0,433,418,472,461,488,457,643,514,612,583,522,594,2372,2150,7170,6589,6621,5895,5624,4968,3087,1757,5189,2197,4602,2100,29955,29957,29951,29954,29960,1161,29958,29958,29959,29959,29962,29964,29965,29966,29965,29967,29966,29968,29971,29970,29971,29972,29972,29973,29973,29974,29973,29974,29974,29975,29975,29975,29975,29976,29976,29977,29977,29978,29978,29979,29979,29980,29989,29990,29990,29991,29992,29993,29993,29989,29989,29990]} 1. Nf3 d5 2. g3 Nf6 3. Bg2 e6 4. O-O Be7 5. c4 O-O 6. d4 dxc4 7. Qc2 b6 {E05: Open Catalan: 5 Nf3 Be7} (7... a6 8. Qxc4 b5 9. Qc2 Bb7 10. Bd2 Be4 11. Qc1 Bb7 12. Rd1 Qc8 13. Ba5 c5 14. dxc5 Bxc5 15. Nbd2 Nbd7 16. Nb3 Ba7 17. Qf4 Nb6 18. Bxb6 Bxb6 19. Rac1 Qe8 20. Ne5 Bxg2 21. Kxg2 {½-½ (75) Ding,L (2813)-Radjabov,T (2757) Wijk aan Zee 2019}) 8. Bg5 Nd5 9. Bxe7 Qxe7 {White is slightly better.} 10. e4 Nb4 11. Qc3 c5 12. Nbd2 Bb7 13. a3 N4a6 {[#]} 14. Nxc4 $146 ({Predecessor:} 14. Qxc4 Nc6 15. Nb3 Nxd4 16. Nfxd4 cxd4 17. Qxd4 {½-½ (35) Meier,G (2644)-Nisipeanu,L (2683) Apolda 2017}) 14... Bxe4 15. Rfe1 Bb7 16. Rad1 {Threatens to win with d5!} Nc7 17. dxc5 Qxc5 18. Qd3 $36 {[%mdl 2048] White has some pressure.} Nc6 19. Nd6 Ba6 (19... Rad8 $14) 20. Qe4 Ne7 {[#]} (20... Rad8 $16 {keeps fighting.}) 21. Nxf7 $1 $18 {[%mdl 512] Hoping for Rc1.} Rxf7 22. Rc1 $1 {[%cal Rc1c5]} Qf5 {White must now prevent ...Rc8.} 23. Rxc7 Qxe4 24. Rxe4 Rc8 25. Rxa7 Rxf3 26. Rxa6 ({Stronger than} 26. Bxf3 Rc1+ 27. Bd1 Rxd1+ 28. Kg2 Bf1+ 29. Kf3 Nc6 $15) 26... Rc1+ 27. Bf1 Nd5 28. Kg2 Rb3 (28... Rf8 $142 29. Bd3 (29. Rxe6 Nc7 $16) 29... Rd8) 29. Bc4 ({Don't take} 29. Rxe6 $6 Rxb2 30. Ra7 Rc7 $18) 29... Rxb2 {And now ...Rxc4! would win.} 30. Bxd5 exd5 {[%mdl 4096] Endgame KRR-KRR} 31. Re7 {Intending Ra8+ and mate.} h5 32. Raa7 Kh7 33. Rxg7+ Kh6 34. h4 Rcc2 35. Rgf7 {[%cal Rf7f6]} Kg6 36. Rf4 Rc6 37. Rd7 Rd2 (37... Rb5 {was called for.} 38. Rd4 Rcc5 39. Rd6+ Kf5) 38. a4 Re6 (38... Rf6 $142 39. Rxf6+ Kxf6 40. Rd6+ Ke5 41. Rxb6 Ra2) 39. Rd8 Kg7 40. Rd7+ (40. Rf5 $142) 40... Kg6 41. Rd8 $2 (41. Rf8) 41... Kg7 $1 42. Rf5 d4 43. Rxh5 Rf6 44. Rd7+ Kg6 (44... Kg8 $142 45. Rg5+ Kf8) 45. Rg5+ Kh6 46. Kh3 Rdxf2 47. Rgd5 Ra2 48. Rxd4 Ra3 49. R7d6 Rxd6 50. Rxd6+ {KR-KR} Kh5 51. Rd4 ({Not} 51. Rxb6 Rxg3+ 52. Kh2 Rg4 $14) 51... Kg6 52. Kg4 Rb3 53. Kf4 b5 54. a5 (54. Rd6+ $142 Kh7 55. a5) 54... Ra3 55. Rd6+ Kg7 56. a6 b4 57. Ke4 (57. h5 $142 b3 58. Rb6 b2 59. Rxb2 Ra4+ 60. Kg5 Rxa6 61. h6+ $1 {[%mdl 512]} Kg8 62. Rb8+ Kh7 63. Rb7+ Kg8 64. g4) 57... Ra1 58. Rb6 {White mates.} b3 59. Rxb3 Rxa6 60. g4 Kh6 61. Kf4 Ra4+ 62. Kg3 Ra6 63. h5 Ra4 64. Kh4 Rc4 65. Rb6+ Kh7 66. h6 Rc1 67. Kh5 Rh1+ 68. Kg5 Ra1 69. Rb7+ Kg8 70. Kh5 Ra5+ 71. g5 Rc5 72. Rg7+ Kh8 73. Re7 Kg8 74. Kg6 {[%cal Re7e8]} Rc6+ {[#]} 75. Kf5 $1 Rc5+ 76. Kf6 Rc6+ 77. Re6 Rc8 78. g6 Ra8 79. g7 Kh7 80. Kf7 {Accuracy: White = 83%, Black = 41%.} 1-0

[Event "BL 2018-19"]
[Site "Berlin"]
[Date "2019.03.03"]
[Round "11.12"]
[White "Hracek, Zbynek"]
[Black "Hector, Jonny"]
[Result "1/2-1/2"]
[WhiteElo "2569"]
[BlackElo "2495"]
[Annotator "ChessBase"]
[PlyCount "49"]
[EventDate "2018.11.10"]
[EventType "team-tourn"]
[EventCountry "GER"]
[SourceTitle "playchess.com"]
[Source "ChessBase"]
[SourceQuality "1"]
[WhiteTeam "Werder Bremen"]
[BlackTeam "Kiel"]
[TimeControl "40/6000+30:3000+30"]

1. e4 {[%emt 0:00:00]} e5 {[%emt 0:00:00]} 2. Nf3 {[%emt 0:00:00]} Nc6 {[%emt 0:00:00]} 3. Bc4 {[%emt 0:00:00]} Nf6 {[%emt 0:00:10]} 4. d3 {[%emt 0:00:00]} Bc5 {[%emt 0:01:39]} 5. c3 {[%emt 0:00:47]} O-O {[%emt 0:02:44]} 6. O-O {[%emt 0:01:24]} d5 {[%emt 0:01:54]} 7. exd5 {[%emt 0:01:06]} Nxd5 {[%emt 0:00:12]} 8. Re1 {[%emt 0:00:16]} Bg4 {[%emt 0:07:31]} 9. h3 {[%emt 0:01:11]} Bh5 {[%emt 0:00:35]} 10. Nbd2 {[%emt 0:00:08]} Nb6 {[%emt 0:00:52]} 11. Bb3 {[%emt 0:00:03]} Bd6 {[%emt 0:03:31]} 12. Ne4 {[%emt 0:16:30]} Kh8 {[%emt 0:02:07]} 13. g4 {[%emt 0:03:08]} Bg6 {[%emt 0:00:14]} 14. d4 {[%emt 0:00:10]} exd4 {[%emt 0:14:20]} 15. Nxd4 {[%emt 0:00:06]} Nxd4 {[%emt 0:03:43]} 16. Qxd4 {[%emt 0:00:05]} Be7 {[%emt 0:05:28]} 17. Bf4 {[%emt 0:22:06]} f5 {[%emt 0:13:59]} 18. Qxd8 {[%emt 0:00:45]} Raxd8 {[%emt 0:01:21]} 19. Ng5 {[%emt 0:00:14]} Bxg5 {[%emt 0:01:16]} 20. Bxg5 {[%emt 0:00:03]} Rd3 {[%emt 0:02:13]} 21. Re3 {[%emt 0:22:31]} fxg4 {[%emt 0:02:05]} 22. hxg4 {[%emt 0:00:28]} h6 {[%emt 0:02:52]} 23. Rxd3 {[%emt 0:02:13]} Bxd3 {[%emt 0:00:04]} 24. Be3 {[%emt 0:08:13]} Nc4 {[%emt 0:01:52]} 25. Bxc4 {[%emt 0:12:35]} 1/2-1/2

[Event "BL 2018-19"]
[Site "Berlin"]
[Date "2019.03.03"]
[Round "11.13"]
[White "Tomashevsky, Evgeny"]
[Black "Nielsen, Peter Heine"]
[Result "1-0"]
[WhiteElo "2705"]
[BlackElo "2635"]
[Annotator "TA"]
[PlyCount "87"]
[EventDate "2018.11.10"]
[EventType "team-tourn"]
[EventCountry "GER"]
[SourceTitle "playchess.com"]
[Source "ChessBase"]
[SourceQuality "1"]
[WhiteTeam "Hockenheim"]
[BlackTeam "SF Deizisau"]

{[%evp 18,87,6,-8,20,-15,5,7,7,0,8,6,13,13,12,4,9,15,8,0,0,10,10,8,17,25,32,16,13,1,21,18,34,45,77,77,85,56,109,113,137,135,131,129,128,122,133,110,213,208,281,278,281,279,276,258,253,259,194,128,131,135,759,756,763,763,749,749,749,647,647,383]} 1. Nf3 d5 2. g3 g6 3. Bg2 Bg7 4. d4 Nf6 5. O-O O-O 6. c3 c6 7. Bf4 Bf5 8. Nbd2 {D02: 1 d4 d5 2 Nf3 sidelines, including 2...Nf6 3 g3 and 2...Nf6 3 Bf4} Nbd7 9. Qb3 Qb6 10. Rfe1 {LiveBook: 3 Games. The position is equal.} (10. Ne5 Rfe8 11. h3 Nxe5 12. Bxe5 Bh6 13. g4 Be6 14. e3 Nd7 15. Bg3 f5 16. gxf5 Bxf5 {½-½ (48) Sargissian,G (2672)-Saric,I (2669) Riadh 2017}) 10... Rfe8 11. Rac1 $146 ({Predecessor:} 11. a4) 11... Ne4 12. Nxe4 dxe4 13. Nd2 {[%cal Bf3d2,Bd2c4,Bc4d6][%mdl 32]} e5 (13... Be6 {keeps more tension.} 14. Qc2 f5 15. g4 fxg4 16. e3 Nf6) 14. dxe5 Bxe5 15. Bxe5 Rxe5 16. Nc4 Qxb3 17. axb3 Re7 18. Nd6 Nc5 19. b4 Nb3 20. Rcd1 $36 {[%mdl 2048] White has the initiative.} a5 21. b5 cxb5 22. Nxf5 gxf5 23. Rd5 b4 24. cxb4 $1 ({Of course not} 24. Rxf5 bxc3 25. Rg5+ Kf8 $15) 24... axb4 25. Rxf5 Rc8 26. Rb5 Rc4 27. e3 Rec7 {[#]} (27... Rd7 $14) 28. Bf1 $1 $16 {[%cal Rf1c4]} Rc1 29. Rxc1 Rxc1 {[%mdl 4096] Endgame KRB-KRN} 30. Kg2 ({Inferior is} 30. Rxb7 Nd2 $17) 30... Nd2 31. Be2 b3 32. Rxb7 Rc2 (32... f5 $16) 33. Bh5 $18 f6 34. Bf7+ Kf8 35. Bxb3 Rxb2 {[#]} 36. Bd5 $1 Rxb7 37. Bxb7 {KB-KN} Kf7 38. Bc8 ({White should play} 38. Kh3 $18) 38... Kg6 $16 39. g4 {And now h4 would win.} h5 $2 {[%mdl 8192]} (39... Kg5 $16 40. Kg3 Nf1+ 41. Kg2 Nd2) 40. Kg3 $18 {White is clearly winning.} hxg4 41. Kxg4 Nf3 42. Bf5+ Kh6 43. Kg3 Nd2 {Black hopes to continue with ...Kg5.} 44. Kf4 {Precision: White = 71%, Black = 47%.} 1-0

[Event "BL 2018-19"]
[Site "Berlin"]
[Date "2019.03.03"]
[Round "11.13"]
[White "Pakleza, Zbigniew"]
[Black "Babula, Vlastimil"]
[Result "1/2-1/2"]
[WhiteElo "2508"]
[BlackElo "2538"]
[Annotator "RC"]
[PlyCount "47"]
[EventDate "2018.11.10"]
[EventType "team-tourn"]
[EventCountry "GER"]
[SourceTitle "playchess.com"]
[Source "ChessBase"]
[SourceQuality "1"]
[WhiteTeam "Kiel"]
[BlackTeam "Werder Bremen"]
[TimeControl "40/6000+30:3000+30"]

1. d4 {[%emt 0:00:00]} Nf6 {[%emt 0:00:00]} 2. Nf3 {[%emt 0:00:00]} e6 {[%emt 0:00:03]} 3. e3 {[%emt 0:00:00]} b6 {[%emt 0:01:48]} 4. Bd3 {[%emt 0:00:09]} Bb7 {[%emt 0:00:45]} 5. O-O {[%emt 0:00:22]} d5 {[%emt 0:02:11]} 6. c4 {[%emt 0:00:08]} Bd6 {[%emt 0:02:02]} 7. Nc3 {[%emt 0:00:10]} O-O {[%emt 0:00:50]} 8. b3 {[%emt 0:02:19]} Nbd7 {[%emt 0:00:46]} 9. Bb2 {[%emt 0:01:38]} a6 {[%emt 0:03:06]} 10. Rc1 {[%emt 0:04:20]} Qe7 {[%emt 0:00:32]} 11. Qe2 {[%emt 0:10:12]} Ne4 {[%emt 0:15:48]} 12. Nd2 {[%emt 0:07:43]} f5 {[%emt 0:10:14]} 13. f3 {[%emt 0:10:04]} Nxd2 {[%emt 0:10:58]} 14. Qxd2 {[%emt 0:00:31]} dxc4 {[%emt 0:01:28]} 15. bxc4 {[%emt 0:02:38]} e5 {[%emt 0:01:38]} 16. f4 {[%emt 0:04:29]} exd4 {[%emt 0:02:05]} 17. exd4 {[%emt 0:01:38]} Rae8 {[%emt 0:05:41]} 18. Rce1 {[%emt 0:19:53]} Qf7 {[%emt 0:00:35]} 19. g3 {[%emt 0:00:39]} Nf6 {[%emt 0:06:22]} 20. Rxe8 {[%emt 0:05:29]} Rxe8 {[%emt 0:00:24]} 21. Re1 {[%emt 0:00:16]} Rxe1+ {[%emt 0:04:41]} 22. Qxe1 {[%emt 0:00:11]} Qd7 {[%emt 0:01:20]} 23. Qe2 {[%emt 0:15:52]} g6 {[%emt 0:05:18]} 24. Kf1 {[%emt 0:01:47]} 1/2-1/2